[Event "Corr"]
[Site "?"]
[Date "1998.??.??"]
[Round "?"]
[White "Gonzalez Alberto H"]
[Black "Aleshnia Valery Valentinovic"]
[Result "1/2-1/2"]
[WhiteElo "2459"]
[BlackElo "2424"]
[PlyCount "38"]
[EventDate "1998.??.??"]
[Source "www.chesslib.no"]
[SourceDate "2004.05.04"]

1. d4 f5 2. g3 Nf6 3. Bg2 e6 4. Nf3 Be7 5. c4 O-O 6. O-O Ne4 7. Nbd2 Bf6 8. Nxe4 fxe4 9. Ne5 d5 10. Ng4 c6 11. Nxf6+ Qxf6 12. f3 exf3 13. Rxf3 Qe7 14. Qb3 Rxf3 15. Bxf3 Nd7 16. cxd5 exd5 17. e4 Nb6 18. Bg2 Be6 19. e5 Nc4 1/2-1/2

[Event "Crailsheim op"]
[Site "?"]
[Date "1999.05.24"]
[Round "7"]
[White "Bagirov Vladimir"]
[Black "Haub Thorsten Michael"]
[Result "1/2-1/2"]
[WhiteElo "2493"]
[BlackElo "2388"]
[PlyCount "41"]
[EventDate "1999.??.??"]
[Source "www.chesslib.no"]
[SourceDate "2004.05.04"]

1. d4 f5 2. g3 Nf6 3. Bg2 e6 4. Nf3 Be7 5. c4 O-O 6. O-O Ne4 7. Nbd2 Bf6 8. Nxe4 fxe4 9. Ne5 d5 10. Ng4 Be7 11. b3 Nc6 12. Bb2 h5 13. Ne3 Bg5 14. Qd2 Ne7 15. f3 Nf5 16. f4 Be7 17. a4 Rf6 18. Ba3 Bxa3 19. Rxa3 a5 20. Ra2 Rg6 21. Nxf5 1/2-1/2

[Event "Crans Montana op"]
[Site "Crans Montana"]
[Date "1999.??.??"]
[Round "3"]
[White "Gofshtein, Leonid D"]
[Black "Gerber, Richard"]
[Result "1-0"]
[WhiteElo "2517"]
[BlackElo "2353"]
[PlyCount "45"]
[EventDate "1999.??.??"]
[Source "www.chesslib.no"]
[SourceDate "2004.05.04"]

1. d4 e6 2. c4 f5 3. g3 Nf6 4. Bg2 Be7 5. Nf3 O-O 6. O-O Ne4 7. b3 Nc6 8. Bb2 d5 9. e3 Bd7 10. Ne1 Be8 11. f3 Nf6 12. Nd2 a5 13. a3 g5 14. Nd3 Bh5 15. Rc1 g4 16. Nf4 Bf7 17. Qe2 gxf3 18. Nxf3 Ne4 19. cxd5 exd5 20. Ne5 Qd6 21. Qb5 Bg5 22. Nxf7 Rxf7 23. Qxb7 1-0

[Event "BL2-S 9192"]
[Site "GER"]
[Date "1992.??.??"]
[Round "?"]
[White "Haba, Petr"]
[Black "Sick, Oliver"]
[Result "1-0"]
[WhiteElo "2515"]
[BlackElo "2355"]
[PlyCount "86"]
[EventDate "1991.10.??"]
[Source "www.chesslib.no"]
[SourceDate "2004.05.04"]

1. d4 f5 2. g3 Nf6 3. Bg2 e6 4. Nf3 Be7 5. O-O O-O 6. c4 Ne4 7. b3 Bf6 8. Bb2 c5 9. Qc2 Nc6 10. dxc5 Qe7 11. a3 a5 12. Nc3 Nxc3 13. Bxc3 Qxc5 14. Bxf6 Rxf6 15. Qd3 Rb8 16. Rfd1 b5 17. cxb5 Qxb5 18. Qxb5 Rxb5 19. Rac1 Rf8 20. Rc3 Rb6 21. Rd6 Rb8 22. Nd2 Ne5 23. Rc5 Nf7 24. Rd4 d5 25. Rxa5 Bd7 26. Rc5 Nd6 27. a4 Rfc8 28. Rxc8+ Rxc8 29. Bf1 Rc2 30. Nf3 Ne4 31. Rb4 Kf8 32. Rb7 Bc8 33. Ra7 Rc1 34. h4 d4 35. b4 Nc3 36. Kg2 Nd5 37. b5 f4 38. g4 h5 39. g5 e5 40. Nxe5 f3+ 41. Nxf3 Nf4+ 42. Kg3 Ne6 43. Bh3 Rc3 1-0

[Event "1 division 2001/2002"]
[Site "?"]
[Date "2001.11.04"]
[Round "1.3"]
[White "Pedersen Steffen"]
[Black "Kristiansen Jens"]
[Result "1-0"]
[WhiteElo "2437"]
[BlackElo "2426"]
[PlyCount "95"]
[EventDate "2001.??.??"]
[Source "www.chesslib.no"]
[SourceDate "2004.05.04"]

1. d4 f5 2. g3 Nf6 3. Bg2 e6 4. c4 Be7 5. Nf3 O-O 6. O-O Ne4 7. Qc2 Bf6 8. Nbd2 d5 9. b3 c5 10. cxd5 exd5 11. Bb2 cxd4 12. Nxd4 Qb6 13. e3 Nc6 14. Nxc6 bxc6 15. Rfd1 a5 16. Bxf6 Rxf6 17. Rac1 Ba6 18. Nf3 Re8 19. Ne1 g5 20. Nd3 Bxd3 21. Rxd3 f4 22. exf4 gxf4 23. Re1 fxg3 24. Rxg3+ Kf8 25. Bxe4 Rxe4 26. Rxe4 dxe4 27. Qd2 Qc7 28. Qg5 Qf4 29. Qxf4 Rxf4 30. Rc3 Rf6 31. Rc5 a4 32. bxa4 Rf3 33. Rxc6 e3 34. Rc2 Kg7 35. Kg2 exf2 36. Rxf2 Ra3 37. Rf4 Kg6 38. h4 Kh5 39. Kf2 Rxa2+ 40. Ke3 Ra3+ 41. Kd2 Kg6 42. Kc2 h5 43. Kb2 Rd3 44. a5 Rd8 45. Kb3 Rb8+ 46. Kc4 Rc8+ 47. Kb5 Rc1 48. a6 1-0

[Event "Katowice Open"]
[Site "Katowice POL"]
[Date "1993.??.??"]
[Round "7"]
[White "Poluljahov, Aleksandr"]
[Black "Tolstikh, Nikolay"]
[Result "1-0"]
[WhiteElo "2515"]
[BlackElo "2345"]
[PlyCount "99"]
[EventDate "1993.01.??"]
[Source "www.chesslib.no"]
[SourceDate "2004.05.04"]

1. d4 f5 2. g3 Nf6 3. Bg2 e6 4. c4 Be7 5. Nf3 O-O 6. O-O Ne4 7. b3 Bf6 8. Bb2 c5 9. Qc2 b6 10. Nc3 Bb7 11. Rad1 d5 12. cxd5 exd5 13. dxc5 bxc5 14. Nxd5 Bxb2 15. Qxb2 Bxd5 16. Qe5 Nc6 17. Qxd5+ Qxd5 18. Rxd5 Nb4 19. Rd7 Nxa2 20. Ra1 Nac3 21. e3 Rf7 22. Rxf7 Kxf7 23. Ra6 Ke7 24. Ne5 Ke8 25. Bf1 Rd8 26. Bd3 c4 27. Bxe4 Nxe4 28. Nxc4 Rd7 29. Ra5 g6 30. g4 Rg7 31. Kf1 Nc3 32. gxf5 gxf5 33. Rxf5 Rg6 34. e4 Rh6 35. Rf3 Nb5 36. h3 Rh4 37. Re3 Ke7 38. Kg2 Nd4 39. Kg3 Rh6 40. f4 Rg6+ 41. Kf2 Ra6 42. Rd3 Nc6 43. Rd6 Ra2+ 44. Kf3 Nd8 45. Rh6 Ne6 46. Rxh7+ Kf6 47. Rh6+ Ke7 48. f5 Nd4+ 49. Kf4 Nxb3 50. Ke5 1-0

[Event "Dortmund-C"]
[Site "Dortmund"]
[Date "1991.??.??"]
[Round "6"]
[White "Padevsky, Nikola"]
[Black "Bany, Jerzy"]
[Result "1/2-1/2"]
[WhiteElo "2425"]
[BlackElo "2430"]
[PlyCount "39"]
[EventDate "1991.03.??"]
[Source "ChessBase"]

1. d4 f5 2. Nf3 Nf6 3. g3 e6 4. Bg2 Be7 5. c4 O-O 6. O-O Ne4 7. Qc2 Nc6 8. b3 d5 9. Ba3 Nb4 10. Bxb4 Bxb4 11. Nbd2 Nxd2 12. Nxd2 dxc4 13. Nf3 cxb3 14. Qxb3 Bd6 15. Rab1 c6 16. Qc4 Qf6 17. Nd2 Bc7 18. e3 Rb8 19. f4 Kh8 20. Qc3 1/2-1/2

[Event "URS"]
[Site "?"]
[Date "1987.??.??"]
[Round "?"]
[White "Khuzman, A."]
[Black "Nenashev, A."]
[Result "1-0"]
[WhiteElo "2435"]
[BlackElo "2420"]
[PlyCount "61"]
[EventDate "1987.??.??"]
[Source "www.chesslib.no"]
[SourceDate "2004.05.04"]

1. d4 e6 2. g3 f5 3. Bg2 Nf6 4. Nf3 Be7 5. c4 O-O 6. O-O Ne4 7. b3 Bf6 8. Bb2 c5 9. Qc2 b6 10. Nbd2 Bb7 11. Ne5 cxd4 12. Nxe4 Bxe5 13. Nf6+ Bxf6 14. Bxb7 Nc6 15. Bxa8 Qxa8 16. Rad1 h5 17. Ba3 Rc8 18. Qd2 h4 19. f4 Kf7 20. Qd3 hxg3 21. hxg3 g5 22. Bd6 Rh8 23. Qf3 Qg8 24. Qg2 gxf4 25. Bxf4 Ne5 26. Rxd4 Nf3+ 27. Qxf3 Bxd4+ 28. e3 Bc5 29. Rd1 Ke7 30. Kg2 Qg7 31. Rxd7+ 1-0

[Event "Stary Smokovec"]
[Site "?"]
[Date "1988.??.??"]
[Round "?"]
[White "Cvetkovic, Sr"]
[Black "Tibensky, R."]
[Result "1-0"]
[WhiteElo "2450"]
[BlackElo "2400"]
[PlyCount "107"]
[EventDate "1988.??.??"]
[Source "ChessBase"]
[SourceDate "1988.07.01"]

1. c4 e6 2. Nf3 f5 3. g3 Nf6 4. Bg2 Be7 5. O-O O-O 6. d4 Ne4 7. b3 Bf6 8. Bb2 Nc6 9. Ne5 Ne7 10. Nd2 Nxd2 11. Qxd2 d6 12. Nf3 Bd7 13. Rad1 Bc6 14. d5 exd5 15. Nd4 Qc8 16. Nxc6 Nxc6 17. cxd5 Ne5 18. Rc1 Qd7 19. Rc2 Rae8 20. Qa5 c5 21. dxc6 Nxc6 22. Qa4 Bxb2 23. Rxb2 Re5 24. Rc2 b5 25. Bxc6 Qxc6 26. Rxc6 bxa4 27. e3 axb3 28. axb3 Rb5 29. Ra1 Ra8 30. Rxd6 Rxb3 31. Rd7 a5 32. Rc1 Rb6 33. Rcc7 Rg6 34. Ra7 Rxa7 35. Rxa7 Rf6 36. Rxa5 Kf7 37. Kg2 Kg6 38. Kf3 Rb6 39. g4 fxg4+ 40. Kxg4 Rb4+ 41. f4 Rb6 42. e4 Rb7 43. h4 Kf7 44. h5 h6 45. Kf5 Rc7 46. e5 Rb7 47. Rd5 Rb1 48. e6+ Ke8 49. Kg6 Rg1+ 50. Kh7 Ke7 51. f5 Rg5 52. Rd7+ Ke8 53. Rf7 Kd8 54. Kh8 1-0

[Event "New York Open"]
[Site "New York, NY USA"]
[Date "1984.??.??"]
[Round "2"]
[White "Gheorghiu, Florin"]
[Black "Yoffie, Marc"]
[Result "1/2-1/2"]
[WhiteElo "2495"]
[BlackElo "2355"]
[PlyCount "155"]
[EventDate "1984.04.??"]
[Source "www.chesslib.no"]
[SourceDate "2004.05.04"]

1. d4 e6 2. Nf3 f5 3. g3 Nf6 4. Bg2 Be7 5. O-O O-O 6. c4 c6 7. Qc2 Qe8 8. Nbd2 d5 9. Ne5 Qh5 10. Ndf3 Ne4 11. Nd3 g5 12. Nfe5 Nd6 13. c5 Nf7 14. f4 Nxe5 15. dxe5 h6 16. Be3 Na6 17. Bd4 Bd7 18. e3 Rf7 19. b4 Nc7 20. Rab1 Raf8 21. a4 a6 22. Bf3 Qg6 23. Kh1 g4 24. Be2 h5 25. h4 gxh3 26. Kh2 Rh7 27. Nf2 Rff7 28. Rg1 Rfg7 29. Nxh3 Qh6 30. Rg2 Be8 31. Nf2 Kf8 32. Rh1 Rg8 33. Kg1 h4 34. g4 fxg4 35. Nxg4 h3 36. Nxh6 Rxg2+ 37. Kf1 Rxh6 38. Qd1 Rg3 39. e4 dxe4 40. Bf2 Nd5 41. Bxg3 Ne3+ 42. Ke1 Nxd1 43. Kxd1 a5 44. Kc2 axb4 45. Bf1 Bxc5 46. Rxh3 Rxh3 47. Bxh3 Bf7 48. Kb3 Ke8 49. Kc4 Bf8 50. Bg4 Kd7 51. Bf2 c5 52. a5 Bg6 53. Be3 Bf5 54. Bd1 Bh3 55. Be2 Kc6 56. Kb3 Be7 57. Ka4 Bg2 58. Bb5+ Kc7 59. Bc4 Bh3 60. Kb5 Bg4 61. Bd2 Bh4 62. Be3 Be7 63. Bd2 Bh3 64. Be3 Bf8 65. Bd2 Be7 66. Be3 b3 67. Bxb3 Bf1+ 68. Bc4 Bd3 69. Bxd3 exd3 70. Bd2 Kd7 71. Kb6 Kc8 72. a6 bxa6 73. Kxa6 Kc7 74. Kb5 Kd7 75. Kc4 Kc6 76. Be3 Bh4 77. Kxd3 Kd5 78. Bxc5 1/2-1/2

[Event "Alma-Ata"]
[Site "Alma Ata KAZ"]
[Date "1989.??.??"]
[Round "11"]
[White "Dzuban, Oleg I"]
[Black "Machulsky, Anatoly D"]
[Result "0-1"]
[WhiteElo "2395"]
[BlackElo "2450"]
[PlyCount "112"]
[EventDate "1989.06.??"]
[Source "www.chesslib.no"]
[SourceDate "2004.05.04"]

1. Nf3 e6 2. g3 f5 3. Bg2 Nf6 4. O-O Be7 5. c4 O-O 6. Qc2 c6 7. d4 d5 8. Nbd2 Bd7 9. b3 Be8 10. Bb2 Bh5 11. Rfe1 Ne4 12. a3 Nd7 13. b4 g5 14. Nxe4 fxe4 15. Nd2 Bg6 16. Qc3 Bf6 17. f3 e5 18. fxe4 exd4 19. Qb3 dxc4 20. Nxc4 Bf7 21. Qc2 Nb6 22. Na5 Qe7 23. e3 dxe3 24. Rxe3 Bxb2 25. Qxb2 Nc4 26. Nxc4 Bxc4 27. Qc3 Be6 28. Rd1 Rad8 29. Red3 Rxd3 30. Qxd3 c5 31. Qe3 b6 32. h3 h6 33. Qc3 cxb4 34. axb4 Rc8 35. Qe5 Re8 36. Rd6 Qg7 37. Qb5 Qe7 38. Qe5 Qg7 39. Qb5 Qe7 40. Qe5 Qg7 41. Qb5 Qe7 42. Qe5 Qg7 43. Qxg7+ Kxg7 44. Kf2 Kf6 45. Ke3 Ke5 46. Rd3 a5 47. bxa5 bxa5 48. Ra3 Ra8 49. Bf1 a4 50. Bb5 Rb8 51. Bd3 Bd7 52. Bc2 Rc8 53. Bd3 Rc1 54. Be2 Rb1 55. Bc4 Re1+ 56. Kf2 Rxe4 0-1

[Event "First Saturday GM - Agosto 2007"]
[Site "Budapest UNG"]
[Date "2007.08.11"]
[Round "6"]
[White "Szabolcsi, Janos"]
[Black "Bui, Vinh"]
[Result "0-1"]
[WhiteElo "2376"]
[BlackElo "2466"]
[PlyCount "100"]
[EventDate "2007.08.06"]
[Source "www.chesslib.no"]
[SourceDate "2004.05.04"]

1. d4 f5 2. g3 Nf6 3. Bg2 e6 4. Nf3 Be7 5. O-O O-O 6. c4 Ne4 7. Qc2 Bf6 8. Nc3 Nxc3 9. bxc3 Nc6 10. e4 fxe4 11. Qxe4 b6 12. Ba3 Re8 13. Ne5 Bb7 14. Rad1 Na5 15. Qd3 Bxg2 16. Kxg2 d5 17. cxd5 Qxd5+ 18. Nf3 Qxa2 19. Bc1 Qd5 20. Rfe1 Nc4 21. Bf4 g5 22. Be5 Bxe5 23. dxe5 g4 24. Qxd5 exd5 25. Nh4 Rxe5 26. Rxe5 Nxe5 27. Rxd5 Re8 28. h3 h5 29. f4 gxf3+ 30. Nxf3 Nxf3 31. Kxf3 a5 32. Rxh5 a4 33. Rd5 c6 34. Rd7 Ra8 35. Ke3 b5 36. Rd1 Kf7 37. Kd3 Ke6 38. Kc2 c5 39. Kb2 Rf8 40. Rd3 b4 41. cxb4 cxb4 42. Rd2 Rf3 43. Rd4 a3+ 44. Kb1 b3 45. Rd1 Rxg3 46. Rh1 Kf5 47. h4 Kg6 48. h5+ Kh6 49. Kc1 Rg5 50. Kd2 Rc5 0-1

[Event "IBM-B"]
[Site "Amsterdam"]
[Date "1979.??.??"]
[Round "3"]
[White "Langeweg, Kick"]
[Black "Van der Sterren, Paul"]
[Result "0-1"]
[WhiteElo "2440"]
[BlackElo "2400"]
[PlyCount "82"]
[EventDate "1979.07.??"]
[Source "ChessBase"]

1. d4 e6 2. c4 f5 3. g3 Nf6 4. Bg2 Be7 5. Nf3 O-O 6. O-O c6 7. b3 a5 8. Nc3 d5 9. Bb2 Bd7 10. e3 b5 11. Ne5 a4 12. a3 Ne4 13. Nxe4 fxe4 14. f3 axb3 15. cxb5 exf3 16. Rxf3 Rxf3 17. Qxf3 Bf6 18. Rf1 Ra5 19. e4 dxe4 20. Qf4 Rxb5 21. Bxe4 Be8 22. Bd3 Rd5 23. Qe4 h6 24. a4 c5 25. Qh7+ Kf8 26. Ba3 Rxe5 27. dxe5 Qd4+ 28. Rf2 Qa1+ 29. Bf1 Qxe5 30. a5 Bc6 31. a6 Nxa6 32. Bxa6 Qa1+ 33. Bf1 Qxa3 34. Rxf6+ gxf6 35. Qxh6+ Ke7 36. Qg7+ Kd6 37. Qf8+ Kc7 38. Qe7+ Kb6 39. Qd8+ Kb7 40. Qe7+ Kb6 41. Qd8+ Ka7 0-1

[Event "Novi Sad Open"]
[Site "Novi Sad YUG"]
[Date "1989.??.??"]
[Round "9"]
[White "Orlov, Georgy"]
[Black "Shtyrenkov, Veniamen"]
[Result "1/2-1/2"]
[WhiteElo "2470"]
[BlackElo "2365"]
[PlyCount "69"]
[EventDate "1989.??.??"]
[Source "www.chesslib.no"]
[SourceDate "2004.05.04"]

1. d4 e6 2. c4 f5 3. Nf3 Nf6 4. g3 Be7 5. Bg2 O-O 6. Nc3 d6 7. Qc2 a5 8. O-O Nc6 9. a3 e5 10. d5 Nb8 11. e4 Nxe4 12. Nxe4 fxe4 13. Nd2 Qe8 14. Nxe4 Bf5 15. Bd2 Nd7 16. b4 axb4 17. axb4 Qg6 18. Rfe1 Kh8 19. Rxa8 Rxa8 20. Qb3 h6 21. Nc3 Bc2 22. Qb2 Nb6 23. Be4 Bxe4 24. Rxe4 Na4 25. Qc2 Bg5 26. Nb1 Bxd2 27. Nxd2 Nb6 28. Qb3 Ra1+ 29. Kg2 Nd7 30. Re3 Nf6 31. h3 Rc1 32. b5 b6 33. Ne4 Nxe4 34. Qd3 Qh5 35. Rxe4 1/2-1/2

[Event "Troll Masters"]
[Site "Gausdal"]
[Date "1990.??.??"]
[Round "3"]
[White "Haugli, Petter"]
[Black "Gausel, Einar"]
[Result "0-1"]
[WhiteElo "2395"]
[BlackElo "2440"]
[PlyCount "40"]
[EventDate "1990.01.??"]
[Source "ChessBase"]

1. d4 f5 2. Nf3 Nf6 3. c4 e6 4. g3 Be7 5. Bg2 O-O 6. O-O Ne4 7. d5 Bf6 8. Nfd2 Nxd2 9. Nxd2 e5 10. Rb1 d6 11. Qc2 a5 12. b3 e4 13. Rd1 Nd7 14. Nf1 Nc5 15. Bb2 Bxb2 16. Qxb2 f4 17. gxf4 Rxf4 18. Qd4 Qh4 19. Rbc1 Bg4 20. f3 Bxf3 0-1

[Event "ch-ESP Abierto"]
[Site "Sevilla"]
[Date "2004.08.21"]
[Round "9"]
[White "Llanes Hurtado, Miguel"]
[Black "Teran Alvarez, Ismael"]
[Result "0-1"]
[WhiteElo "2397"]
[BlackElo "2428"]
[PlyCount "84"]
[EventDate "2004.08.13"]
[Source "Roberto Alvarez"]
[SourceDate "2004.08.30"]

1. d4 e6 2. c4 f5 3. g3 Nf6 4. Bg2 Be7 5. Nf3 O-O 6. O-O c6 7. b3 a5 8. Nc3 d5 9. Ne5 Nbd7 10. Nd3 Ne4 11. Bb2 Bd6 12. e3 b6 13. Rc1 Ba6 14. Ne2 Rc8 15. Ne5 Nxe5 16. dxe5 Bb8 17. Qc2 Qe7 18. f3 Nc5 19. f4 Ne4 20. Rfd1 b5 21. c5 b4 22. Bd4 Ba7 23. Bf1 h5 24. Kg2 h4 25. gxh4 Bxe2 26. Bxe2 Qxh4 27. Bd3 g5 28. Rf1 Rc7 29. Bxe4 fxe4 30. fxg5 Rcf7 31. Rf6 Qxg5+ 32. Kh1 Rg7 33. Rxf8+ Kxf8 34. Rf1+ Ke8 35. Qf2 Bb8 36. h4 Qg4 37. Kh2 Bc7 38. Rg1 Qxg1+ 39. Qxg1 Rxg1 40. Kxg1 Bd8 41. Kg2 Bxh4 42. Kh3 Be1 0-1

[Event "Ch Norway (team) 1998/99"]
[Site "Norway"]
[Date "1998.??.??"]
[Round "2"]
[White "Contreras, Henry"]
[Black "Remiro Juste FJ"]
[Result "1-0"]
[WhiteElo "2350"]
[BlackElo "2470"]
[PlyCount "83"]
[EventDate "1998.??.??"]
[Source "www.chesslib.no"]
[SourceDate "2004.05.04"]

1. c4 f5 2. g3 Nf6 3. Bg2 e6 4. Nf3 Be7 5. O-O O-O 6. d4 c6 7. b3 a5 8. Bb2 d5 9. Nbd2 b6 10. Ne5 Bb7 11. Qc2 Na6 12. cxd5 Nb4 13. Qb1 cxd5 14. Rc1 Rc8 15. a3 Nc6 16. Ndf3 Nd7 17. Nd3 Bd6 18. Bc3 Qe7 19. b4 a4 20. Qb2 Na7 21. Bd2 Ba6 22. Bg5 Nf6 23. Nfe5 Bxd3 24. exd3 Nb5 25. Bf3 Qa7 26. Kg2 h6 27. Be3 Qa6 28. h4 Rxc1 29. Rxc1 Rc8 30. Bd1 Rxc1 31. Qxc1 Na7 32. Bxh6 gxh6 33. Qxh6 Bxe5 34. dxe5 Nh7 35. Qxe6+ Kh8 36. Qxd5 Nb5 37. Qd8+ Kg7 38. Qd7+ Kg8 39. Bf3 Nxa3 40. Bd5+ Kh8 41. Qe8+ Kg7 42. Qf7+ 1-0

[Event "Open A"]
[Site "?"]
[Date "2005.07.23"]
[Round "2"]
[White "Czakon Jakub"]
[Black "Castaldo Folco"]
[Result "1/2-1/2"]
[WhiteElo "2461"]
[BlackElo "2352"]
[PlyCount "215"]
[EventDate "2005.??.??"]
[Source "www.chesslib.no"]
[SourceDate "2004.05.04"]

1. d4 e6 2. c4 f5 3. g3 Nf6 4. Bg2 Be7 5. Nf3 O-O 6. O-O Ne4 7. Nfd2 Nxd2 8. Nxd2 Bf6 9. e3 d6 10. b3 c5 11. Bb2 e5 12. a3 exd4 13. exd4 Nc6 14. Nf3 f4 15. h3 fxg3 16. fxg3 Bf5 17. Re1 cxd4 18. g4 Bg6 19. Qd2 Ne5 20. Nxd4 Nd3 21. Ne6 Qb6+ 22. c5 Nxc5 23. Nxf8 Bxb2 24. Nxg6 hxg6 25. Bd5+ Kh7 26. Kh1 Bxa1 27. Rxa1 Qd8 28. g5 Qd7 29. Qf4 Qxh3+ 30. Qh2 Qh5 31. b4 Nd7 32. Bf3 Qxh2+ 33. Kxh2 Re8 34. Rd1 Re3 35. Kg2 Nb6 36. Rxd6 Re5 37. Bxb7 Rxg5+ 38. Kf2 Nc4 39. Rd3 Nxa3 40. Rxa3 Rb5 41. Be4 Rxb4 42. Kf3 Kh6 43. Rxa7 Rb3+ 44. Kf4 Rb2 45. Ra6 Rf2+ 46. Ke5 Rf6 47. Ra1 Kh7 48. Rh1+ Kg8 49. Bd5+ Kf8 50. Ra1 Ke7 51. Ra7+ Kf8 52. Be6 Rf1 53. Kd6 Rd1+ 54. Bd5 Re1 55. Rf7+ Ke8 56. Rxg7 Rf1 57. Rg8+ Rf8 58. Rxg6 Rf1 59. Rg2 Rf6+ 60. Be6 Rf1 61. Rg7 Rd1+ 62. Bd5 Rf1 63. Ra7 Kf8 64. Ke5 Ke8 65. Ke6 Kf8 66. Be4 Re1 67. Ke5 Ke8 68. Kd5 Kf8 69. Rc7 Ke8 70. Ke5 Kf8 71. Kf5 Ke8 72. Rh7 Kd8 73. Ke5 Ke8 74. Kd4 Kf8 75. Bd5 Re7 76. Rh8+ Kg7 77. Rg8+ Kf6 78. Rg1 Re2 79. Rf1+ Ke7 80. Kc5 Rc2+ 81. Bc4 Kd7 82. Rf7+ Ke8 83. Rc7 Kd8 84. Rg7 Ke8 85. Kd4 Kf8 86. Rf7+ Ke8 87. Rf4 Ke7 88. Ke5 Kd7 89. Bd5 Re2+ 90. Be4 Kc7 91. Rf7+ Kb6 92. Rb7+ Kc5 93. Rc7+ Kb6 94. Rc4 Re1 95. Kd6 Kb5 96. Bd5 Rg1 97. Rc3 Rg6+ 98. Be6 Kb4 99. Rb3+ Ka4 100. Rb8 Ka3 101. Rb6 Rg1 102. Kc5 Rc1+ 103. Bc4 Rh1 104. Rb3+ Ka4 105. Rb2 Rh5+ 106. Bd5 Rh3 107. Rb4+ Ka5 108. Rg4 1/2-1/2

[Event "Budapest Elekes"]
[Site "Budapest"]
[Date "1985.??.??"]
[Round "?"]
[White "Lengyel, Levente"]
[Black "Bischoff, Klaus"]
[Result "1/2-1/2"]
[WhiteElo "2395"]
[BlackElo "2415"]
[PlyCount "135"]
[EventDate "1985.05.??"]
[Source "ChessBase"]

1. d4 e6 2. c4 f5 3. Nf3 Nf6 4. g3 Be7 5. Bg2 O-O 6. O-O Ne4 7. Qc2 Bf6 8. Nbd2 d5 9. b3 a5 10. Ba3 Re8 11. Bb2 Nc6 12. Rad1 a4 13. Nxe4 dxe4 14. Ne5 Bxe5 15. dxe5 Qe7 16. c5 Ra5 17. Rc1 axb3 18. axb3 Rd8 19. Qc4 Bd7 20. b4 Ra4 21. f3 exf3 22. Bxf3 Rxb4 23. Qc3 Ra4 24. Rfd1 Be8 25. Rxd8 Nxd8 26. Qb3 Ra5 27. Bd4 Bc6 28. Bf2 Bxf3 29. exf3 Ra8 30. Rd1 Qe8 31. Qd3 Nc6 32. Qb5 Rb8 33. Qb3 h6 34. f4 Rd8 35. Ra1 Rb8 36. Rb1 Nd8 37. Rd1 Qc6 38. Qd3 Nf7 39. Qb3 Rd8 40. Rb1 Rd5 41. Ra1 Nd8 42. Qa4 Qxa4 43. Rxa4 Kf7 44. Ra8 Nc6 45. Rc8 Rd7 46. Kg2 g5 47. h3 gxf4 48. gxf4 Ne7 49. Rb8 Rd3 50. Rxb7 Nd5 51. Bg3 Rc3 52. Rb5 Ra3 53. Rb8 Rc3 54. Ra8 Kg7 55. Re8 h5 56. Rxe6 h4 57. Bh2 Rxc5 58. Ra6 Rc2+ 59. Kh1 c5 60. Ra7+ Kg6 61. Ra6+ Kf7 62. Bg1 Nxf4 63. Rf6+ Ke7 64. Rxf5 Ne2 65. Bf2 Ng3+ 66. Bxg3 hxg3 67. Rf3 Re2 68. Rc3 1/2-1/2

[Event "Match \"]
[Site "London (England)"]
[Date "2007.07.12"]
[Round "4"]
[White "Wu Li (ENG)"]
[Black "Summerscale Aaron (ENG)"]
[Result "1/2-1/2"]
[WhiteElo "2314"]
[BlackElo "2493"]
[PlyCount "40"]
[EventDate "2007.??.??"]
[Source "www.chesslib.no"]
[SourceDate "2004.05.04"]

1. d4 e6 2. c4 f5 3. g3 Nf6 4. Bg2 Be7 5. Nf3 O-O 6. O-O Ne4 7. Nc3 Nxc3 8. bxc3 Nc6 9. Re1 Na5 10. Nd2 d5 11. cxd5 exd5 12. Qa4 c6 13. Ba3 Bxa3 14. Qxa3 Be6 15. Nf3 Nc4 16. Qc1 Qa5 17. Nd2 Nd6 18. Nb3 Qc7 19. Nc5 Rae8 20. Nd3 Nc4 1/2-1/2

[Event "First Saturday GM - Aprile 2008"]
[Site "Budapest UNG"]
[Date "2008.04.06"]
[Round "2"]
[White "Kahn, Evart dr"]
[Black "Bui, Vinh"]
[Result "0-1"]
[WhiteElo "2358"]
[BlackElo "2448"]
[PlyCount "110"]
[EventDate "2008.04.05"]
[Source "www.chesslib.no"]
[SourceDate "2004.05.04"]

1. d4 f5 2. g3 Nf6 3. Bg2 e6 4. c4 Be7 5. Nf3 O-O 6. O-O Ne4 7. Nbd2 Bf6 8. Qc2 d5 9. Ne5 Nd7 10. Nxd7 Bxd7 11. cxd5 exd5 12. Qb3 c6 13. Nxe4 fxe4 14. Bxe4 Qb6 15. Bc2 Bxd4 16. e3 Bc5 17. Qxb6 axb6 18. Bd2 Bh3 19. Rfe1 Bf5 20. Bxf5 Rxf5 21. Bc3 b5 22. a3 h6 23. Kg2 Rf7 24. Rad1 Ra4 25. Bd4 Bxd4 26. Rxd4 Rc4 27. Re2 Re7 28. Red2 Kf7 29. Kf1 Ke6 30. Ke2 Kd6 31. R4d3 g5 32. b4 g4 33. Rd4 h5 34. Kf1 b6 35. Kg2 Rxd4 36. Rxd4 c5 37. Rf4 d4 38. bxc5+ bxc5 39. exd4 c4 40. Rf5 Rc7 41. Rxb5 c3 42. Rb1 c2 43. Rc1 Kd5 44. f3 Kxd4 45. fxg4 hxg4 46. h3 Ke3 47. hxg4 Kd2 48. Rxc2+ Rxc2 49. Kf3 Kd3 50. Kf4 Kd4 51. Kf5 Kd5 52. g5 Rf2+ 53. Kg6 Ke6 54. Kg7 Rg2 55. a4 Rxg3 0-1

[Event "Cappelle op"]
[Site "Cappelle"]
[Date "1993.??.??"]
[Round "2"]
[White "Brestian, Egon"]
[Black "Carlier, Bruno"]
[Result "1/2-1/2"]
[WhiteElo "2450"]
[BlackElo "2355"]
[PlyCount "57"]
[EventDate "1993.??.??"]
[Source "www.chesslib.no"]
[SourceDate "2004.05.04"]

1. c4 e6 2. Nf3 f5 3. g3 Nf6 4. Bg2 Be7 5. O-O O-O 6. d4 c6 7. b3 a5 8. Ba3 Bxa3 9. Nxa3 d6 10. Nb1 Nbd7 11. Nc3 Ne4 12. Qc2 Ndf6 13. Nd2 Nxd2 14. Qxd2 e5 15. dxe5 dxe5 16. Rad1 Qxd2 17. Rxd2 f4 18. Na4 g5 19. Rfd1 Bf5 20. Nc5 Rab8 21. Rd6 Kf7 22. h3 h6 23. e4 fxe3 24. fxe3 Ke7 25. R6d2 b6 26. Na4 Be4 27. Nc3 Bxg2 28. Kxg2 Rbd8 29. Rxd8 1/2-1/2

[Event "FSIM August"]
[Site "Budapest"]
[Date "2003.08.03"]
[Round "2"]
[White "Berczes, David"]
[Black "Chetverik, Maxim"]
[Result "0-1"]
[WhiteElo "2393"]
[BlackElo "2408"]
[PlyCount "102"]
[EventDate "2003.08.02"]
[Source "Roberto Alvarez"]
[SourceDate "2003.08.18"]

1. d4 f5 2. g3 Nf6 3. Bg2 e6 4. Nf3 Be7 5. O-O O-O 6. c4 Ne4 7. Qc2 Bf6 8. b3 Nc6 9. Bb2 a5 10. a3 d5 11. Ne5 Ne7 12. f3 Nd6 13. Nd2 g5 14. c5 Nf7 15. f4 g4 16. h3 Bxe5 17. dxe5 h5 18. hxg4 hxg4 19. Kf2 Kg7 20. Rh1 Rh8 21. Rxh8 Qxh8 22. Rh1 Qg8 23. Nf1 Bd7 24. Ne3 Kf8 25. Qd3 Qg6 26. b4 Ba4 27. Nf1 axb4 28. axb4 Nc6 29. Qa3 Ra6 30. Nd2 Bb5 31. Qc3 Ra4 32. Ba3 Ke7 33. e3 Qg8 34. Nb1 Qd8 35. Rd1 Qa8 36. Rd2 Qa6 37. Ra2 Kd7 38. Rd2 Ke7 39. Bxd5 exd5 40. e6 Kxe6 41. Bb2 Nfe5 42. fxe5 Nxb4 43. Na3 Nd3+ 44. Kg2 Ne1+ 45. Kf2 Nf3 46. Rd1 Ng5 47. Qb3 Bc4 48. Nxc4 Qxc4 49. Qxc4 Rxc4 50. Bd4 Rc2+ 51. Kf1 Ne4 0-1

[Event "BL2-West 9900"]
[Site "Germany"]
[Date "2000.03.12"]
[Round "7.2"]
[White "Henrichs, Thomas"]
[Black "Haub, Thorsten Michael"]
[Result "1-0"]
[WhiteElo "2428"]
[BlackElo "2364"]
[PlyCount "87"]
[EventDate "1999.10.??"]
[Source "ChessBase"]
[SourceDate "2000.05.11"]

1. d4 e6 2. Nf3 f5 3. g3 Nf6 4. Bg2 Be7 5. O-O O-O 6. c4 Ne4 7. Qc2 Bf6 8. Nc3 Nxc3 9. bxc3 d6 10. e4 Nc6 11. exf5 exf5 12. Re1 Na5 13. c5 Rb8 14. h4 h6 15. h5 b6 16. Bf4 Kh8 17. Rad1 Bb7 18. cxd6 cxd6 19. Ne5 Bxg2 20. Ng6+ Kg8 21. Kxg2 Rf7 22. Qxf5 Qd7 23. Qd5 Qb7 24. Qxb7 Nxb7 25. Re6 Rd7 26. Rde1 Kf7 27. g4 Rc8 28. Bg3 b5 29. Bh4 Bxh4 30. Nxh4 d5 31. Nf5 Rcc7 32. R1e3 a5 33. Rg6 Kf8 34. Rf3 Ke8 35. Rb6 Nd8 36. Re3+ Kf8 37. Rxb5 Nc6 38. Rc5 a4 39. Re6 Nd8 40. Rxc7 Rxc7 41. Re5 Nf7 42. Rxd5 Rxc3 43. Ra5 Ng5 44. Rxa4 1-0